| 000 | 00461ntaaa2200181 4500 | ||
|---|---|---|---|
| 003 | 01 | ||
| 005 | 20251027202234.0 | ||
| 008 | 0714s1973 ag 01 | ||
| 040 |
_aAR-BaBN _bspa _cAR-BaBN _eaacr _dRIC |
||
| 082 | _a268.1100 St8 | ||
| 100 |
_aStrickland, Evelyn Corder _920846 |
||
| 245 | _aHappy times together | ||
| 250 | _a1 ed. | ||
| 260 |
_aNashville : _bConvention Press, _c1963 |
||
| 300 | _a116 p | ||
| 500 | _atexto para escuelas bĂblicas | ||
| 942 | _cBK | ||
| 999 |
_c17228 _d17228 |
||